Из искры возгорится пламя...: [Стихи поэтов-декабристов и поэтов их круга]

Dettagli Bibliografici
Altri autori: Семенов Л. С. Леонид Сергеевич (составитель)
Lingua:russo
Pubblicazione: Москва, Советская Россия, 1985
Serie:Сельская библиотека Нечерноземья
Soggetti:
Natura: MixedMaterials Libro
KOHA link:https://koha.lib.tpu.ru/cgi-bin/koha/opac-detail.pl?biblionumber=113736

MARC

LEADER 00000nam0a2200000 4500
001 113736
005 20231031122011.0
020 |a RU  |b 85-105866 
035 |a (RuTPU)RU\TPU\book\122998 
090 |a 113736 
100 |a 20070416d1985 m a0rusy5003 ca 
101 0 |a rus 
102 |a RU 
105 |a y z 000gy 
200 1 |a Из искры возгорится пламя...  |e [Стихи поэтов-декабристов и поэтов их круга]  |f сост., послесл., примеч. Л. С. Семенов 
210 |a Москва  |c Советская Россия  |d 1985 
215 |a 384 с.  |c ил.  |d 21 см 
225 1 |a Сельская библиотека Нечерноземья 
610 1 |a поэты 
610 1 |a декабристы 
610 1 |a гражданская лирика 
610 1 |a 19 век 
675 |a Р1  |z rus  |v 3 
702 1 |a Семенов  |b Л. С.  |g Леонид Сергеевич  |4 220 
801 0 |a RU  |b RuMRKP  |c 19950704  |g psbo 
801 1 |a RU  |b 63413507  |c 20070416  |g PSBO 
801 2 |a RU  |b 63413507  |c 20070814  |g PSBO 
942 |c BK